[Event "Porto San Giorgio Open 2018"]
[Site "?"]
[Date "2018.08.27"]
[Round "5"]
[White "Motola Jacopo"]
[Black "Horvath, Csaba"]
[Result "1-0"]
[WhiteElo "2177"]
[BlackElo "2519"]
[PlyCount "113"]
[EventDate "2018.??.??"]

1. e4 c5 2. Nf3 e6 3. b3 a6 4. Bb2 Nc6 5. g3 d6 6. d4 cxd4 7. Nxd4 Bd7 8. c4
Nf6 9. Bg2 Be7 10. O-O O-O 11. Nc3 Rc8 12. Re1 Re8 13. Nxc6 Bxc6 14. Qd2 b6 15.
e5 dxe5 16. Qxd8 Rexd8 17. Bxc6 Rxc6 18. Rxe5 Nd7 19. Re2 Nc5 20. Rd1 Rxd1+ 21.
Nxd1 Nd3 22. Bc3 f6 23. Rd2 Rd6 24. Kf1 Nc1 25. Rxd6 Bxd6 26. Bd4 b5 27. cxb5
axb5 28. Nc3 b4 29. Be3 Nd3 30. Ne4 Be7 31. Ke2 Ne5 32. Bd4 Nc6 33. Bc5 Bxc5
34. Nxc5 Kf7 35. Kd3 Ne5+ 36. Kd4 Ke7 37. h3 Kd6 38. Na6 Nc6+ 39. Kc4 Ne5+ 40.
Kb5 Nd3 41. Nxb4 Nxf2 42. Kb6 e5 43. a4 e4 44. a5 Nd3 45. Nc2 Ne5 46. b4 Nc4+
47. Kb7 Kd5 48. a6 Nd6+ 49. Kc7 Nb5+ 50. Kb6 Kc4 51. Na3+ Nxa3 52. a7 Kxb4 53.
a8=Q Nc4+ 54. Kc6 e3 55. Qa2 Kc3 56. Kd5 Nd2 57. Qa6 1-0